A writer’s reference : With writing in the disciplines

To help your students write in composition and in other college courses, A Writer's Reference with Writing in the Disciplines includes a tabbed section with advice and model papers in nine academic disciplines: biology, business, criminology, education, engineering, history, music, nursing, and...

पूर्ण विवरण

में बचाया:
ग्रंथसूची विवरण
मुख्य लेखक: Hacker, Diana
स्वरूप: पुस्तक
भाषा:Undetermined
प्रकाशित: Boston Bedford/St. Martin’s 2009
विषय:
टैग : टैग जोड़ें
कोई टैग नहीं, इस रिकॉर्ड को टैग करने वाले पहले व्यक्ति बनें!
Thư viện lưu trữ: Trung tâm Học liệu Trường Đại học Cần Thơ
LEADER 00980nam a2200217Ia 4500
001 CTU_187865
008 210402s9999 xx 000 0 und d
082 |a 428.2 
082 |b H118 
100 |a Hacker, Diana 
245 2 |a A writer’s reference : 
245 0 |b With writing in the disciplines 
245 0 |c Diana Hacker 
260 |a Boston 
260 |b Bedford/St. Martin’s 
260 |c 2009 
520 |a To help your students write in composition and in other college courses, A Writer's Reference with Writing in the Disciplines includes a tabbed section with advice and model papers in nine academic disciplines: biology, business, criminology, education, engineering, history, music, nursing, and psychology. 
650 |a English language,Tiếng Anh 
650 |x Writing skill,Handbooks, manuals, etc.,Kỹ năng viết,Sổ tay v, hướng dẫn sử dụng, vv 
904 |i Qhieu 
980 |a Trung tâm Học liệu Trường Đại học Cần Thơ